000 00491nam a2200145Ia 4500
003 OSt
005 20260114112527.0
008 211028s2012 xx 000 0 und d
040 _cAIMIT LIBRARY
041 _aeng
100 _aShanbhag, Raghavendra R; Madhukar S M.
_g1016029
_96906
245 _aTo attract and retain doctors (general practitioners) prescription for products of maritz pharmaceuticals pvt ltd in Mangalore /
260 _aMangalore
_bMadhukar S M
_c2012
942 _2ddc
_cPRO
999 _c218476
_d218476